l'Accès des femmes salariées à la formation continue et ses effets sur leur carrière : rapport du Groupe de travail Conseil supérieur de l'égalité professionnelle (Record no. 33693)

MARC details
000 -LEADER
fixed length control field 00784 a2200265 4500
037 ## - SOURCE OF ACQUISITION
Stock number 04/432
020 ## - NUMERO INTERNATIONAL NORMALISE DES LIVRES
International Standard Book Number 2-11-004661-9
100 ## - VEDETTE PRINCIPALE - NOM DE PERSONNE
Personal name Cidrac, Ghislaine de
100 ## - VEDETTE PRINCIPALE - NOM DE PERSONNE
Language of a work Fr
260 ## - PUBLICATION, DISTRIBUTION, ETC. (IMPRINT)
Place of publication, distribution, etc Paris
260 ## - PUBLICATION, DISTRIBUTION, ETC. (IMPRINT)
Name of publisher, distributor, etc La Documentation Frnaçaise
245 ## - TITLE STATEMENT
Title l'Accès des femmes salariées à la formation continue et ses effets sur leur carrière : rapport du Groupe de travail Conseil supérieur de l'égalité professionnelle
260 ## - PUBLICATION, DISTRIBUTION, ETC. (IMPRINT)
Date of publication, distribution, etc 2002
300 ## - PHYSICAL DESCRIPTION
Extent 69p
300 ## - PHYSICAL DESCRIPTION
Other physical details 24 cm
440 ## - SERIES STATEMENT/ADDED ENTRY--TITLE
Title Droits des Femmes
440 ## - SERIES STATEMENT/ADDED ENTRY--TITLE
International Standard Serial Number 0999-1328
630 ## - SUBJECT ADDED ENTRY--UNIFORM TITLE
Uniform title 37 - Education. Enseignement. Formation. Loisirs
650 ## - SUBJECT ADDED ENTRY--TOPICAL TERM
Topical term or geographic name as entry element 3 - SCIENCES SOCIALES
650 ## - SUBJECT ADDED ENTRY--TOPICAL TERM
Topical term or geographic name as entry element Femme : éducation
700 ## - ADDED ENTRY--PERSONAL NAME
Personal name Fournier, Christine
700 ## - ADDED ENTRY--PERSONAL NAME
Personal name Brocard, Claudine
Holdings
Withdrawn status Lost status Damaged status Not for loan Location (home branch) Sublocation or collection (holding branch) Date acquired Koha issues (times borrowed) Koha full call number Koha date last seen Price effective from Koha item type
        Bibliothèque Universitaire Centrale Bibliothèque Universitaire Centrale 28/02/2009   374.7(05526) FEM 28/02/2009 28/02/2009 Livre


© 2008, Bibliothèques de l'Université d'Abomey-Calavi

04 BP 789 Cotonou, Tél. : +229 21 36 01 01, Fax : +229 21 35 06 32

Courriel : bu@bu.uac.bj